Top 100 Comic Book Villains by Picture - Statistics

General Stats
  • This quiz has been taken 189 times
  • The average score is 52 of 100
Answer Stats
Picture Hint Answer % Correct
#2 The Joker
99%
#8 Loki
95%
#1 Magneto
94%
#3 Doctor Doom
93%
#13 Norman Osborn
91%
#22 Venom
90%
#4 Lex Luthor
88%
#14 Red Skull
88%
#12 Two-Face
88%
#16 Black Adam
87%
#47 Thanos
87%
#34 Bane
86%
#11 Catwoman
86%
#5 Galactus
84%
#59 Riddler
82%
#10 Kingpin
81%
#45 Harley Quinn
80%
#18 Mystique
80%
#51 The Penguin
80%
#71 Thunderbolt Ross
78%
#6 Darkseid
77%
#19 Juggernaut
77%
#23 Ultron
77%
#58 Scarecrow
76%
#28 Doctor Octopus
74%
#90 Carnage
73%
#32 Deathstroke
73%
#62 Lizard
73%
#72 Sandman
72%
#85 Mysterio
70%
#20 Bullseye
69%
#37 Zoom
69%
#43 Deadshot
68%
#67 Mr. Freeze
68%
#73 Clayface
67%
#87 Electro
67%
#54 Abomination
63%
#7 Ra's al Ghul
63%
#39 Shredder
63%
#15 Sinestro
63%
#27 Captain Cold
62%
#65 Kang the Conqueror
62%
#100 Modok
62%
#57 Hobgoblin
61%
#56 Dormammu
59%
#30 General Zod
59%
#35 Gorilla Grodd
59%
#9 Jean Grey
59%
#24 Apocalypse
58%
#69 Cheetah
58%
#44 Sabretooth
57%
#38 Sentinel
56%
#60 Amanda Waller
55%
#40 Baron Zemo II
55%
#93 Omni-Man
55%
#48 Mephisto
54%
#64 Poison Ivy
54%
#25 Bizarro
52%
#17 Brainiac
52%
#46 Doomsday
52%
#29 Mister Sinister
52%
#63 The Leader
46%
#33 Cyborg Superman
44%
#50 Cassandra Nova
42%
#68 Lucifer
42%
#31 Professor Zoom
42%
#53 Kraven the Hunter
41%
#95 Omega Red
35%
#99 Fin Fang Foom
34%
#76 Mister Mxyzptlk
32%
#78 Lady Deathstrike
31%
#52 Metallo
31%
#70 William Stryker
31%
#61 Parasite
30%
#84 Doctor Light
29%
#94 Annihilus
28%
#36 Vandal Savage
28%
#41 Mongul
27%
#42 Talia al Ghul
26%
#86 The Governor
25%
#92 Parallax
23%
#55 Sebastian Shaw
23%
#80 Prometheus
19%
#49 Anti-Monitor
14%
#89 Shade
14%
#97 Violator
14%
#82 Doctor Sivana
13%
#96 Despero
10%
#81 Mandarin
9%
#83 Grigori Rasputin
7%
#21 Ozymandias
6%
#77 Proteus
6%
#26 Kid Miracleman
4%
#74 Saint of Killers
4%
#66 Herr Starr
3%
#88 Hunter Rose
3%
#75 Magog
3%
#98 Mastermind
3%
#79 Mirror Master
2%
#91 The Adversary
1%
No matching quizzes found
Score Distribution
Percent of People with Each Score
Percentile by Number Answered
Your Score History
You have not taken this quiz